000 00265nam a22001217a 4500
008 170203b xxu||||| |||| 00| 0 srb d
041 _asrb
080 _a61
100 _a3
101 _aSHM
245 _aURGENTINA ENDOKRINOLOGJIA
_cSLIJEPCEVIC, D
942 _2udc
_cBK
999 _c4551
_d4551